<?xml version="1.0" encoding="UTF-8"?><?xml-stylesheet type="text/xsl" href="static/style.xsl"?><OAI-PMH xmlns="http://www.openarchives.org/OAI/2.0/" xmlns:xsi="http://www.w3.org/2001/XMLSchema-instance" xsi:schemaLocation="http://www.openarchives.org/OAI/2.0/ http://www.openarchives.org/OAI/2.0/OAI-PMH.xsd"><responseDate>2026-04-17T03:32:10Z</responseDate><request verb="GetRecord" identifier="oai:www.recercat.cat:10256/26544" metadataPrefix="marc">https://recercat.cat/oai/request</request><GetRecord><record><header><identifier>oai:recercat.cat:10256/26544</identifier><datestamp>2025-12-05T12:50:26Z</datestamp><setSpec>com_2072_452955</setSpec><setSpec>com_2072_2054</setSpec><setSpec>col_2072_453068</setSpec></header><metadata><record xmlns="http://www.loc.gov/MARC21/slim" xmlns:dcterms="http://purl.org/dc/terms/" xmlns:xsi="http://www.w3.org/2001/XMLSchema-instance" xmlns:doc="http://www.lyncode.com/xoai" xsi:schemaLocation="http://www.loc.gov/MARC21/slim http://www.loc.gov/standards/marcxml/schema/MARC21slim.xsd">
   <leader>00925njm 22002777a 4500</leader>
   <datafield ind2=" " ind1=" " tag="042">
      <subfield code="a">dc</subfield>
   </datafield>
   <datafield ind2=" " ind1=" " tag="720">
      <subfield code="a">Amado Rodríguez, Isaac Daniel</subfield>
      <subfield code="e">author</subfield>
   </datafield>
   <datafield ind2=" " ind1=" " tag="720">
      <subfield code="a">Casañas Sánchez, Rocío</subfield>
      <subfield code="e">author</subfield>
   </datafield>
   <datafield ind2=" " ind1=" " tag="720">
      <subfield code="a">Juan-Parra, Jaume</subfield>
      <subfield code="e">author</subfield>
   </datafield>
   <datafield ind2=" " ind1=" " tag="720">
      <subfield code="a">Roldán Merino, Juan-Francisco</subfield>
      <subfield code="e">author</subfield>
   </datafield>
   <datafield ind2=" " ind1=" " tag="720">
      <subfield code="a">Lalucat-Jo, Lluís</subfield>
      <subfield code="e">author</subfield>
   </datafield>
   <datafield ind2=" " ind1=" " tag="720">
      <subfield code="a">Fernández San Martin, Maria Isabel</subfield>
      <subfield code="e">author</subfield>
   </datafield>
   <datafield ind2=" " ind1=" " tag="260">
      <subfield code="c">2025-02-15</subfield>
   </datafield>
   <datafield ind2=" " ind1=" " tag="520">
      <subfield code="a">Background/Objectives: We aim to assess the effect of the Espaijove.net mental health literacy program on adolescents' quality of life (QOL). Additionally, we aim to describe their QOL and mental well-being. Methods: A multicenter, randomized, controlled trial was conducted, with pre- and post-intervention assessments and 6- and 12-month follow-ups. A total of 1032 students aged 13-14 from 18 schools in Barcelona participated in one of the three following mental health literacy (MHL) programs or were placed in a control group (CG): (1) a 1 h awareness session (G1h); (2) a 6 h MHL program (G6h); (3) a 7 h MHL program with stigma reduction (G7h). Measures: (1) Mental well-being: Strengths and Difficulties Questionnaire (SDQ); (2) QOL: EuroQol 5D-5L with its two parts: the EuroQol 5D-5L Index (0-1) and EuroQol 5D-5L visual analog scale (EQ-VAS) (0-100). Analyses were conducted on an intention-to-treat basis, using data imputation methods for missing data. Intervention effects were assessed using multilevel models. Results: Baseline EQ-VAS and EQ-5D-5L index scores were 77.84 (CI = 76.77-78.91) and 0.91 (CI = 0.90-0.92), respectively. Boys reported higher QOL and SDQ scores (p &lt; 0.001), whereas participants of foreign nationality showed lower scores in QOL (EQ-VAS; p = 0.039) and mental well-being (p &lt; 0.001). Post-intervention, all groups (intervention and control), except G6h, showed QOL improvements. However, in the 6-month follow-up, the CG outperformed the other groups. At 12 months, G7h achieved the highest EQ-VAS scores compared to the other groups. Conclusions: MHL-based interventions improved short-term QOL but failed to sustain these improvements over time. Groups with lower QOL and SDQ scores included girls and adolescents of foreign nationality</subfield>
   </datafield>
   <datafield tag="653" ind2=" " ind1=" ">
      <subfield code="a">Adolescents -- Salut mental</subfield>
   </datafield>
   <datafield tag="653" ind2=" " ind1=" ">
      <subfield code="a">Teenagers -- Mental health</subfield>
   </datafield>
   <datafield tag="653" ind2=" " ind1=" ">
      <subfield code="a">Qualitat de vida</subfield>
   </datafield>
   <datafield tag="653" ind2=" " ind1=" ">
      <subfield code="a">Quality of life</subfield>
   </datafield>
   <datafield tag="653" ind2=" " ind1=" ">
      <subfield code="a">Alfabetització per a la salut</subfield>
   </datafield>
   <datafield tag="653" ind2=" " ind1=" ">
      <subfield code="a">Health literacy</subfield>
   </datafield>
   <datafield ind2="0" ind1="0" tag="245">
      <subfield code="a">Impact of Mental Health Literacy on Improving Quality of Life Among Adolescents in Barcelona</subfield>
   </datafield>
</record></metadata></record></GetRecord></OAI-PMH>